[Event "Bled Olympiad"]
[Site "Bled SLO"]
[Date "2002.11.10"]
[EventDate "2002.10.26"]
[Round "14"]
[Result "1-0"]
[White "Vladimir Magai"]
[Black "Warren Elliott"]
[WhiteElo "2531"]
[BlackElo "2238"]
[PlyCount "73"]

1. d4 Nf6 2. c4 c5 3. d5 b5 4. cxb5 a6 5. b6 Qxb6 6. Nc3 g6
7. Nf3 Bg7 8. e4 d6 9. Nd2 Nbd7 10. Be2 O-O 11. O-O Rb8
12. Nc4 Qc7 13. Bf4 Ne8 14. Qd2 Nb6 15. Ne3 Qb7 16. Bg5 Nf6
17. f4 e6 18. dxe6 Nxe4 19. Nxe4 Qxe4 20. f5 Bd4 21. Kh1 fxe6
22. Bd3 Qc6 23. fxg6 Bb7 24. gxh7+ Kh8 25. Ng4 Nd7 26. Bh6 Rf3
27. Rxf3 Qxf3 28. gxf3 Bxf3+ 29. Qg2 Bxg2+ 30. Kxg2 Rxb2+
31. Kf3 Rxh2 32. Rb1 Rb2 33. Re1 Ne5+ 34. Nxe5 Bxe5 35. Rxe5
dxe5 36. Bg5 e4+ 37. Bxe4 1-0